The construction of building, volume 4

Bibliographic Details
Main Author: Barry, R. (Author)
Format: Book
Published: London ELBS Granada c1971
Edition:2nd ed
Subjects:

MARC

LEADER 00000cam a2200000 7i4500
001 0000000252
008 021118s1971
020 |a 0246115483 
090 0 0 |a TH145  |b B34 1971 
100 0 |a Barry, R.  |e author 
245 1 4 |a The construction of building, volume 4  |c R. Barry 
250 |a 2nd ed 
260 2 |a London  |b ELBS  |b Granada  |c c1971 
300 |a 120 p.  |c 28 cm 
650 0 |a Building 
999 |a 1000035553  |b Book  |c OPEN SHELF (30 DAYS)  |e Gong Badak Campus